Uluslararası Hak İhlalleri İzleme Merkezi (Record no. 5429)

MARC details
000 -BAŞLIK
Sabit Uzunlukta Kontrol Alanı 00748na a2200241 4500
001 - KONTROL NUMARASI
Denetim Alanı 18510
003 - KONTROL NUMARASI IDENTIFIER
Denetim Alanı MIRAKIL
005 - SON İŞLEM TARİHİ VE ZAMANI
Denetim Alanı 20181213155036.0
008 - SABİT-BOY VERİ ELEMANLARI - GENEL BİLGİLER
Sabit Uzunlukta Kontrol Alanı 161121b tu 000 0
040 ## - KATALOGLAMA KAYNAK
Orijinal Kataloglama Ajansı Milas
Kataloglama Dili tur
Metne Dönüştürmek Ajansı TR-AnCHP
041 ## - DİL KODU
Metin / Ses Parça Veya Ayrı Başlığın Dil Kodu tur
-- eng
082 ## - DEWEY ONLU SINIFLANDIRMA NUMARASI
Sınıflandırma Numarası 323.06
Ürün Numarası U35u [t.y.]
090 ## - SINIFLAMA NUMARASI
Sınıflama Numarası 323.06 U35u [t.y.]
110 ## - ANA GİRİŞ - KURUMSAL ADI
Giriş Elemanı Olarak Kurumsal Ad Veya Yargı Alanı Adı UHİM
245 ## - BAŞLIK TABLOSU
Başlık Uluslararası Hak İhlalleri İzleme Merkezi
Başlığın Kalan =International Center for Watching Violation of Rights
Sorumluluk Tablosu, Vb UHİM
260 ## - YAYIN, DAĞITIM, VB
Yayın, Dağıtım, Vb Yeri [y.y.]
Yayıncı, Dağıtıcı, Vs Adı UHİM
Yayın, Dağıtım, Vb Tarihi [t.y.]
300 ## - FİZİKSEL TANIM
Kapsam 21 s.
Boyutlar 21x19 sm.
546 ## - DİL NOTU
Dil Notu Metinler Türkçe-İngilizce karşılıklıdır.
600 ## - KONU KATMA GİRİŞ - KURUMSAL ADI
Kişisel Ad UHİM
Genel Alt Bölümü Tanıtım
650 ## - KONU KATMA GİRİŞ - TOPİKAL DÖNEM
Topikal Süreli Veya Coğrafi Ad Giriş Elemanı Hak ihlalleri
Genel Alt Bölümü Kurumlar
710 ## - KATMA GİRİŞ - KURUMSAL ADI
Giriş Elemanı Olarak Kurumsal Ad Veya Yargı Alanı Adı Uluslararası Hak İhlalleri İzleme Merkezi
942 ## - EKLENDİ GİRİŞ ELEMANLARI (KOHA)
Sınıflandırma Veya Raf Düzeni Kaynak Dewey Decimal Classification
Koha Öğesi Türü Books
999 ## - SİSTEM KONTROL NUMARALARI (KOHA)
Koha Biblionumber 5429
Koha Biblioitemnumber 5429
Holdings
Kalıcı Konum Mevcut Konum Edinme Tarihi Edinim Kaynak Toplam Check-Out'Lar Tam Çağrı Numarası Barkod Tarih Son Görülme İtibaren Geçerli Fiyatlar Koha Öğesi Türü Kopya Sayısı
CHP Kütüphanesi CHP Kütüphanesi 11/21/2016 Bağış   323.06 U35u [t.y.] 008804 11/21/2016 11/21/2016 Books  
CHP Kütüphanesi CHP Kütüphanesi 01/18/2017 Bağış   323.06 U35u [t.y.] 012521 01/18/2017 01/18/2017 Books k.2